000 00661nam a2200205Ia 4500
003 OSt
005 20250515115537.0
008 220927b |||||||| |||| 00| 0 eng d
037 _cTextual
040 _aSDCL
_cSDCL
_beng
041 _2hin
_ahin
084 _aO152,3N6:(Y) M6
100 _aPrakash, Ram
_9504463
245 0 _aPremchandotar upanyaso mein sanskritik mulyo ka vighatana.
246 _aप्रेमचन्दोत्तर उपन्यासों में सांस्कृतिक मूल्यों का विघटन
260 _c1986.
300 _a458p.
942 _cTEXL
_2CC
_n0
999 _c822953
_d822953